[Event "ARG-ch U18 Girls"]
[Site "Buenos Aires"]
[Date "2019.03.03"]
[Round "4.3"]
[White "Socano, Ayelen"]
[Black "Aimale, Maria Pia"]
[Result "0-1"]
[WhiteElo "1346"]
[BlackElo "1379"]
[PlyCount "100"]
[EventDate "2019.03.01"]
[EventType "swiss"]
[EventRounds "7"]
[EventCountry "ARG"]
[SourceTitle "EXT 2024"]
[Source "ChessBase"]
[SourceDate "2023.10.10"]
[SourceVersion "1"]
[SourceVersionDate "2023.10.10"]
[SourceQuality "1"]

1. d4 d5 2. Nf3 Nf6 3. e3 Bg4 4. Be2 e6 5. 0-0 Bd6 6. Nbd2 0-0 7. b3 c5 8. Bb2 Nc6 9. c4 Rc8 10. dxc5 Bxc5 11. Rc1 Be7 12. Nd4 Bxe2 13. Nxe2 Nb4 14. Nf3 dxc4 15. Rxc4 Rxc4 16. bxc4 Qa5 17. a3 Nc6 18. Qb3 Qa6 19. Qb5 Nb8 20. Rd1 Rc8 21. Qxa6 Nxa6 22. Ne5 Nc5 23. Nd4 Na4 24. Ba1 a6 25. Rb1 Rc7 26. Rb3 Ne4 27. Ndf3 Nec5 28. Rb1 Ne4 29. Rb3 f6 30. Nd3 Rd7 31. Nb2 Nxb2 32. h3 Nxc4 33. Bd4 e5 34. Bc3 Nxc3 35. Rxc3 Nxa3 36. Rc8+ Kf7 37. Rc3 Nb5 38. Rc4 Rc7 39. Rh4 h6 40. Ra4 Bd6 41. Nd2 Rc2 42. Nc4 Bc7 43. e4 Nd6 44. Ne3 Rc1+ 45. Kh2 Bb6 46. Rb4 Bxe3 47. fxe3 Rc3 48. Rb6 Ke7 49. Rb1 Rxe3 50. Rc1 Kd7 0-1

[Event "Pan American-ch U18 Girls"]
[Site "Santiago de Chile"]
[Date "2018.07.25"]
[Round "5"]
[White "Molina, Jessica"]
[Black "Socano, Ayelen"]
[Result "1-0"]
[WhiteElo "1891"]
[BlackElo "1282"]
[PlyCount "71"]
[EventDate "2018.07.22"]
[EventType "swiss"]
[EventRounds "9"]
[EventCountry "CHI"]
[SourceTitle "EXT 2022"]
[Source "ChessBase"]
[SourceDate "2021.10.06"]
[SourceVersion "1"]
[SourceVersionDate "2021.10.06"]
[SourceQuality "1"]

1. d4 Nf6 2. c4 g6 3. Nc3 Bg7 4. e4 d6 5. f3 0-0 6. Bg5 b6 7. Qd2 Bb7 8. Nge2 Nbd7 9. Ng3 c5 10. d5 a6 11. a4 Qc7 12. Bh6 e6 13. Bxg7 Kxg7 14. Rd1 exd5 15. cxd5 Rfe8 16. Be2 Rab8 17. 0-0 Bc8 18. Kh1 Ne5 19. Rde1 Qd7 20. Qg5 b5 21. Nf5+ Kg8 22. axb5 Nh5 23. f4 f6 24. Nh6+ Kg7 25. Qh4 Nf7 26. Nxf7 Kxf7 27. Bxh5 gxh5 28. e5 Qf5 29. Ne4 Rb6 30. Nxf6 Re7 31. Nxh5 Kg6 32. Qxe7 Kxh5 33. Rf3 Qg6 34. exd6 Rxd6 35. Re5+ Kh6 36. Qf8+ 1-0

[Event "Pan American-ch U18 Girls"]
[Site "Santiago de Chile"]
[Date "2018.07.24"]
[Round "4"]
[White "Socano, Ayelen"]
[Black "Altamirano Contador, Fernanda"]
[Result "1-0"]
[WhiteElo "1282"]
[BlackElo "1383"]
[PlyCount "75"]
[EventDate "2018.07.22"]
[EventType "swiss"]
[EventRounds "9"]
[EventCountry "CHI"]
[SourceTitle "EXT 2022"]
[Source "ChessBase"]
[SourceDate "2021.10.06"]
[SourceVersion "1"]
[SourceVersionDate "2021.10.06"]
[SourceQuality "1"]

1. d4 Nf6 2. Bf4 g6 3. Nf3 Bg7 4. e3 0-0 5. h3 d6 6. Nbd2 Nbd7 7. Be2 b6 8. 0-0 Bb7 9. Re1 c5 10. c3 a6 11. a4 Ne4 12. Nxe4 Bxe4 13. Nd2 Bc6 14. Bf3 Bxf3 15. Nxf3 Nf6 16. e4 cxd4 17. cxd4 Nd7 18. e5 dxe5 19. dxe5 e6 20. b4 Rc8 21. Rc1 Rxc1 22. Qxc1 Qb8 23. Qc6 Qc8 24. Rc1 Qxc6 25. Rxc6 h6 26. Rc7 g5 27. Rxd7 gxf4 28. Rb7 Rc8 29. Rxb6 Rc1+ 30. Kh2 Rb1 31. b5 axb5 32. Rxb5 Ra1 33. Rb4 Ra2 34. Rxf4 Rxf2 35. Kg1 Bxe5 36. Rg4+ Bg7 37. Kxf2 f5 38. Rf4 1-0

[Event "Pan American-ch U18 Girls"]
[Site "Santiago de Chile"]
[Date "2018.07.23"]
[Round "2"]
[White "Socano, Ayelen"]
[Black "Manriquez Abarzua, Maria Belen"]
[Result "1/2-1/2"]
[WhiteElo "1282"]
[BlackElo "1570"]
[PlyCount "56"]
[EventDate "2018.07.22"]
[EventType "swiss"]
[EventRounds "9"]
[EventCountry "CHI"]
[SourceTitle "EXT 2022"]
[Source "ChessBase"]
[SourceDate "2021.10.06"]
[SourceVersion "1"]
[SourceVersionDate "2021.10.06"]
[SourceQuality "1"]

1. d4 d5 2. Bf4 Nf6 3. Nf3 e6 4. e3 Nbd7 5. h3 Be7 6. Bd3 c5 7. c3 0-0 8. 0-0 c4 9. Bc2 Ne4 10. Nbd2 Ndf6 11. Qb1 Nxd2 12. Nxd2 b5 13. e4 dxe4 14. Nxe4 Nd5 15. Bd2 Bb7 16. Ng3 Nf6 17. Qe1 Qd5 18. f3 Qd8 19. Ne4 Nd5 20. f4 a5 21. f5 exf5 22. Rxf5 Qd7 23. Ng5 Bxg5 24. Rxg5 g6 25. Re5 Rfe8 26. Bh6 f6 27. Rxe8+ Rxe8 28. Qg3 Re2 1/2-1/2

[Event "Pan American-ch U18 Girls"]
[Site "Santiago de Chile"]
[Date "2018.07.22"]
[Round "1"]
[White "Palao, Adriana"]
[Black "Socano, Ayelen"]
[Result "1-0"]
[WhiteElo "1791"]
[BlackElo "1282"]
[PlyCount "73"]
[EventDate "2018.07.22"]
[EventType "swiss"]
[EventRounds "9"]
[EventCountry "CHI"]
[SourceTitle "EXT 2022"]
[Source "ChessBase"]
[SourceDate "2021.10.06"]
[SourceVersion "1"]
[SourceVersionDate "2021.10.06"]
[SourceQuality "1"]

1. e4 d6 2. d4 Nf6 3. Nc3 g6 4. Be3 Bg7 5. f3 c6 6. Qd2 Nbd7 7. h4 b5 8. g4 b4 9. Nce2 a5 10. Bh6 Bf8 11. 0-0-0 Qb6 12. h5 a4 13. Bxf8 Nxf8 14. hxg6 fxg6 15. Nf4 b3 16. cxb3 axb3 17. a3 Kf7 18. Bc4+ Be6 19. Nxe6 Nxe6 20. Qe3 Rhb8 21. g5 Nh5 22. Ne2 Ra4 23. Qd3 d5 24. exd5 Nhf4 25. Nxf4 Nxf4 26. dxc6+ Kg7 27. Qc3 Qa5 28. Qxa5 Rxa5 29. Rh4 Ng2 30. Re4 Rxg5 31. Rxe7+ Kh6 32. c7 Ra8 33. Rh1+ Rh5 34. Rxh5+ gxh5 35. Be6 Nf4 36. c8Q Rxc8+ 37. Bxc8 1-0